| 000 | 00864nam a2200277Ia 4500 | ||
|---|---|---|---|
| 003 | OSt | ||
| 005 | 20220926015220.0 | ||
| 006 | a|||||r|||| 00| 0 | ||
| 007 | ta | ||
| 008 | 220923b |||||||| |||| 00| 0 eng d | ||
| 020 | _a0195204964 | ||
| 037 | _cGeneral Book | ||
| 040 |
_aRTL _cRTL _beng |
||
| 041 |
_2eng _aeng |
||
| 082 | _aX.1(X).N8, M6 | ||
| 100 |
_aLal Deepak Ed. _9321730 |
||
| 245 | 0 |
_aStagflation, savings, and the state _b Perspectives on the global economy |
|
| 260 |
_aNew York _bOxford University Press _c1986 |
||
| 300 |
_axii,402p _ccm. |
||
| 490 | _aWorld Bank Research Publication | ||
| 500 | _aBibliography chapterwise | ||
| 650 | _aEconomic Condition Developing Countries | ||
| 700 |
_a Wolf Martin _9321731 |
||
| 942 |
_hX.1(X).N8, M6 _cGB _2CC |
||
| 999 |
_c630763 _d630763 |
||